000 00284nam a2200109Ia 4500
008 200302s9999 xx 000 0 und d
100 _aGuy Julier
245 _aEncyclopaedia of 20th Century Design and Designers
260 _bThames and Hudson Ltd.
260 _c1993
300 _a216 P.,
999 _c2310
_d2310